Proceedings of the 11th International Workshop on Applied Physics of Condensed Matter APCOM 2005 : June 15-17, 2005 Malá Lučivná Slovak Republic

Bibliographic Details
Main Author: Martinček, Ivan (Author)
Corporate Author: APCOM Malá Lučivná, Slovensko
Other Authors: Pudiš, Dušan, 1974- (Editor), Bury, Peter, 1949- (Editor), Jamnický, Igor, 1945- (Editor)
Format: Conference Proceeding Book
Language:English
PhysicalDescription:242 s. grafy, ilustr., tab. 21 cm
Published: Žilina University of Žilina 2005
ISBN:8080704112 (brož.)
Edition:[1. ed.]
Subjects:

MARC

LEADER 00000nam a2200000 a 4500
001 vtls008986130
003 SK-MaSNL
005 20260302005228.0
008 160610s2005 xo dal f 101 0 eng
015 |a SNBA2007/07-02926 
020 |a 8080704112 (brož.) 
035 |a D489567C-7801-499F-BA6E-8E2DF71D9FD3 
035 |a urn:nbn:sk:snk-amkvcw 
035 |a urn:nbn:sk:snk-am003x37 
040 |a SNK  |b slo  |c SNK  |e AACR2 
041 0 |a eng  |b eng 
044 |a xo  |c SK 
072 7 |a 53  |x Fyzika  |2 konspekt 
080 |a 539.2  |2 2001 
080 |a (062.534)  |2 2001 
080 |a 53-027.22  |2 2001 
111 2 |a APCOM  |n (11. :  |d 2005 :  |c Malá Lučivná, Slovensko)  |9 157289 
245 1 0 |a Proceedings of the 11th International Workshop on Applied Physics of Condensed Matter  |b APCOM 2005 : June 15-17, 2005 Malá Lučivná Slovak Republic  |c [editors: D. Pudiš ... [et al.]] 
250 |a [1. ed.] 
260 |a Žilina  |b University of Žilina  |c 2005 
300 |a 242 s.  |b grafy, ilustr., tab.  |c 21 cm 
366 |e 120 výtl. 
504 |a Bibliogr. odkazy. Aut. reg. 
546 |a Res. angl. 
650 0 7 |a aplikovaná fyzika  |2 SNKPH  |9 68282 
650 0 7 |a fyzika tuhých látok  |2 SNKPH  |9 68283 
655 7 |a zborníky konferencií  |2 SNKPH  |9 70153 
700 1 |a Pudiš, Dušan,  |d 1974-  |4 edt  |9 336310 
700 1 |a Bury, Peter,  |d 1949-  |4 edt  |9 242060 
700 1 |a Jamnický, Igor,  |d 1945-  |4 edt  |9 12750 
700 2 |a Martinček, Ivan  |4 aut  |9 316388 
919 |a 80-8070-411-2 
958 |a NB 
958 |a OND 
968 |d 53+54 
999 |c 998757  |d 1000687 
952 |a SNK  |b SNK  |y PREZ  |7 0  |p 17A0550289  |o snkSC 127768  |i snk2007/11832  |8 0  |0 0  |1 0  |4 0  |d 2007-05-03  |f 1  |l 0  |r 2025-06-17 00:00:00  |w 2026-02-24 
952 |a SNK  |b SNK  |y VYP  |7 0  |p 17A0550290  |o snkSC 127768 D1  |i snk2007/11833  |8 0  |0 0  |1 0  |4 0  |d 2007-05-03  |l 0  |r 2026-02-24 12:11:23  |w 2026-02-24